Fisiología normal y patológica de la glándula pancreática / (Record no. 142640)

MARC details
000 -LEADER
campo de control de longitud fija 00851nam a2200241 i 4500
001 - NÚMERO DE CONTROL
campo de control 142640
003 - IDENTIFICADOR DE NÚMERO DE CONTROL
campo de control ES-MaACL
005 - FECHA Y HORA DE LA ÚLTIMA TRANSACCIÓN
campo de control 20250717081033.0
007 - CAMPO FIJO DE DESCRIPCIÓN FÍSICA--INFORMACIÓN GENERAL
campo de control de longitud fija t|
008 - DATOS DE LONGITUD FIJA--INFORMACIÓN GENERAL
campo de control de longitud fija 071009s1904 sp ||||1| spa d
080 ## - NÚMERO DE LA CLASIFICACIÓN DECIMAL UNIVERSAL
Número de la Clasificación Decimal Universal 612.34
080 ## - NÚMERO DE LA CLASIFICACIÓN DECIMAL UNIVERSAL
Número de la Clasificación Decimal Universal 616.37
100 1# - ENTRADA PRINCIPAL--NOMBRE DE PERSONA
Nombre de persona Vilarrasa Juliá, Gerónimo.
9 (RLIN) 114823
245 10 - MENCIÓN DEL TÍTULO
Título Fisiología normal y patológica de la glándula pancreática /
Mención de responsabilidad, etc. por Gerónimo Vilarrasa Juliá.
260 ## - PUBLICACIÓN, DISTRIBUCIÓN, ETC.
Lugar de publicación, distribución, etc. [Madrid] :
Nombre del editor, distribuidor, etc. Facultad de Medicina de la Universidad Central,
Fecha de publicación, distribución, etc. 1904 (
Fabricante Imp. de Manuel Tasis)
300 ## - DESCRIPCIÓN FÍSICA
Extensión 53 p. ;
Dimensiones 26 cm.
502 ## - NOTA DE TESIS
Nota de tesis Tesis-Univ. Central de Madrid.
650 14 - PUNTO DE ACCESO ADICIONAL DE MATERIA--TÉRMINO DE MATERIA
Término de materia o nombre geográfico como elemento de entrada Páncreas-
Subdivisión general Efectos de las radiaciones.
9 (RLIN) 15813
650 14 - PUNTO DE ACCESO ADICIONAL DE MATERIA--TÉRMINO DE MATERIA
Término de materia o nombre geográfico como elemento de entrada Páncreas-
Subdivisión general Enfermedades.
9 (RLIN) 15814
710 2# - ENTRADA AGREGADA--NOMBRE DE ENTIDAD CORPORATIVA
Nombre de entidad corporativa o nombre de jurisdicción como elemento de entrada Universidad Central (Madrid).
Unidad subordinada Facultad de Medicina
9 (RLIN) 7093
852 ## - LOCALIZACIÓN
Ubicación ES-MaACL
Número de control de estantería T-1131-F-4
Holdings
Estatus retirado Estado de pérdida Estado de daño No para préstamo Colección Biblioteca de origen Biblioteca actual Ubicación en estantería Fecha de adquisición Fuente de adquisición Total de préstamos Signatura topográfica completa Código de barras Visto por última vez Precio de reemplazo Tipo de ítem Koha
        Colección de folletos Biblioteca del Ateneo de Madrid Biblioteca del Ateneo de Madrid Depósito folletos 17/01/2008     T-1131-F-4 1148416 23/02/2023 23/02/2023 Folleto